Catálogo

Cien años de vida institucional judía en México : (Registro nro. 59133)

Detalles MARC
000 -LEADER
fixed length control field 00878nam a2200241 i 4500
001 - CONTROL NUMBER
control field 59133
005 - DATE AND TIME OF LATEST TRANSACTION
control field 20191004132009.0
008 - FIXED-LENGTH DATA ELEMENTS--GENERAL INFORMATION
fixed length control field 140415s2013 mx a r 000 0 spa d
020 ## - INTERNATIONAL STANDARD BOOK NUMBER
International Standard Book Number 9786079553692
040 ## - CATALOGING SOURCE
Original cataloging agency MX-PuUPA
Language of cataloging spa
Description conventions rda
Transcribing agency Mx-PuUPA
Modifying agency Mx-PuUPA
041 0# - LANGUAGE CODE
Language code of text/sound track or separate title spa
082 0# - DEWEY DECIMAL CLASSIFICATION NUMBER
Classification number 972
Item number CIE
245 00 - TITLE STATEMENT
Title Cien años de vida institucional judía en México :
Remainder of title mosaico de experiencias y reflexiones (1912-2012) /
Statement of responsibility, etc. prologuista José Narro Robles ; coordinadora Alicia Gojman de Backal.
250 ## - EDITION STATEMENT
Edition statement Primera edición
264 #1 - PRODUCTION, PUBLICATION, DISTRIBUTION, MANUFACTURE, AND COPYRIGHT NOTICE
Place of production, publication, distribution, manufacture México, D. F. :
Name of producer, publisher, distributor, manufacturer Comunidad Ashkenazi de México,
Date of production, publication, distribution, manufacture, or copyright notice 2013
300 ## - PHYSICAL DESCRIPTION
Extent 304 páginas :
Other physical details ilustraciones ;
Dimensions 22 cm.
336 ## - CONTENT TYPE
Content type term texto
Source rdacontent
337 ## - MEDIA TYPE
Media type term sin mediación
Source rdamedia
338 ## - CARRIER TYPE
Carrier type term volumen
Source rdacarrier
650 #4 - SUBJECT ADDED ENTRY--TOPICAL TERM
Topical term or geographic name entry element Judios
Geographic subdivision México
General subdivision Sociedades, etc.
650 #4 - SUBJECT ADDED ENTRY--TOPICAL TERM
Topical term or geographic name entry element Judios
942 ## - ADDED ENTRY ELEMENTS (KOHA)
Classification part 972
Item part CIE
Koha item type Libro
Existencias
Withdrawn status Lost status Source of classification or shelving scheme Damaged status Not for loan Collection code Home library Current library Shelving location Date acquired Source of acquisition Inventory number Total Checkouts Full call number Barcode Date last seen Price effective from Koha item type
    Dewey Decimal Classification     General Biblioteca Karol Wojtyla Biblioteca Karol Wojtyla Sala general 28/11/2017 Compra 151000000000000000035644   972 CIE 2013 98661 05/01/2026 28/11/2017 Libro